Fast Math - Subtraction Quiz - Statistics

General Stats
  • This quiz has been taken 67,400 times
    55,052 since last reset
  • The average score is 19 of 20
Answer Stats
Problem Answer % Correct
3 - 2 1
98%
5 - 4 1
98%
47 - 6 41
98%
9 - 2 7
98%
89 - 11 78
98%
18 - 17 1
97%
90 - 89 1
97%
13 - 3 10
97%
36 - 26 10
97%
47 - 37 10
97%
23 - 12 11
97%
81 - 70 11
97%
16 - 4 12
97%
100 - 85 15
97%
86 - 70 16
97%
67 - 50 17
97%
20 - 2 18
97%
3 - 1 2
97%
14 - 12 2
97%
66 - 44 22
97%
27 - 4 23
97%
30 - 4 26
97%
66 - 40 26
97%
28 - 1 27
97%
38 - 11 27
97%
36 - 8 28
97%
30 - 1 29
97%
4 - 1 3
97%
34 - 2 32
97%
40 - 4 36
97%
86 - 50 36
97%
40 - 1 39
97%
6 - 2 4
97%
8 - 4 4
97%
9 - 5 4
97%
19 - 15 4
97%
48 - 8 40
97%
55 - 10 45
97%
49 - 1 48
97%
6 - 1 5
97%
99 - 49 50
97%
9 - 3 6
97%
10 - 4 6
97%
66 - 6 60
97%
80 - 13 67
97%
14 - 7 7
97%
90 - 11 79
97%
10 - 2 8
97%
40 - 32 8
97%
94 - 10 84
97%
92 - 6 86
97%
12 - 3 9
97%
13 - 4 9
97%
30 - 21 9
97%
97 - 6 91
97%
97 - 4 93
97%
12 - 11 1
96%
13 - 12 1
96%
19 - 18 1
96%
26 - 25 1
96%
36 - 35 1
96%
39 - 38 1
96%
42 - 41 1
96%
67 - 66 1
96%
91 - 90 1
96%
25 - 15 10
96%
44 - 34 10
96%
48 - 38 10
96%
50 - 40 10
96%
89 - 79 10
96%
14 - 3 11
96%
34 - 23 11
96%
44 - 33 11
96%
17 - 5 12
96%
20 - 8 12
96%
67 - 55 12
96%
15 - 2 13
96%
22 - 9 13
96%
35 - 22 13
96%
38 - 25 13
96%
76 - 63 13
96%
19 - 5 14
96%
21 - 7 14
96%
17 - 2 15
96%
18 - 3 15
96%
20 - 5 15
96%
28 - 13 15
96%
47 - 31 16
96%
100 - 84 16
96%
18 - 1 17
96%
32 - 15 17
96%
40 - 23 17
96%
19 - 1 18
96%
24 - 6 18
96%
26 - 7 19
96%
6 - 4 2
96%
7 - 5 2
96%
9 - 7 2
96%
10 - 8 2
96%
12 - 10 2
96%
13 - 11 2
96%
16 - 14 2
96%
32 - 30 2
96%
35 - 33 2
96%
56 - 54 2
96%
65 - 63 2
96%
87 - 85 2
96%
92 - 90 2
96%
93 - 91 2
96%
24 - 4 20
96%
25 - 5 20
96%
30 - 10 20
96%
64 - 44 20
96%
34 - 13 21
96%
48 - 27 21
96%
25 - 3 22
96%
33 - 11 22
96%
36 - 14 22
96%
43 - 21 22
96%
30 - 7 23
96%
37 - 13 24
96%
90 - 66 24
96%
45 - 20 25
96%
33 - 5 28
96%
31 - 2 29
96%
36 - 7 29
96%
18 - 15 3
96%
20 - 17 3
96%
27 - 24 3
96%
29 - 26 3
96%
34 - 31 3
96%
53 - 50 3
96%
69 - 66 3
96%
74 - 71 3
96%
94 - 91 3
96%
99 - 96 3
96%
45 - 15 30
96%
74 - 44 30
96%
36 - 5 31
96%
41 - 10 31
96%
35 - 3 32
96%
40 - 8 32
96%
46 - 13 33
96%
96 - 63 33
96%
38 - 4 34
96%
40 - 6 34
96%
45 - 11 34
96%
88 - 54 34
96%
36 - 1 35
96%
42 - 6 36
96%
41 - 4 37
96%
49 - 12 37
96%
97 - 60 37
96%
68 - 30 38
96%
43 - 4 39
96%
5 - 1 4
96%
7 - 3 4
96%
12 - 8 4
96%
13 - 9 4
96%
28 - 24 4
96%
66 - 62 4
96%
44 - 4 40
96%
65 - 25 40
96%
70 - 30 40
96%
81 - 41 40
96%
42 - 1 41
96%
70 - 29 41
96%
46 - 4 42
96%
56 - 14 42
96%
80 - 38 42
96%
46 - 2 44
96%
47 - 3 44
96%
49 - 5 44
96%
54 - 10 44
96%
46 - 1 45
96%
48 - 3 45
96%
99 - 53 46
96%
99 - 51 48
96%
60 - 11 49
96%
70 - 21 49
96%
8 - 3 5
96%
12 - 7 5
96%
15 - 10 5
96%
25 - 20 5
96%
35 - 30 5
96%
36 - 31 5
96%
45 - 40 5
96%
70 - 65 5
96%
89 - 84 5
96%
56 - 6 50
96%
87 - 37 50
96%
55 - 4 51
96%
61 - 8 53
96%
60 - 6 54
96%
57 - 1 56
96%
67 - 11 56
96%
58 - 1 57
96%
59 - 1 58
96%
64 - 5 59
96%
69 - 10 59
96%
17 - 11 6
96%
27 - 21 6
96%
46 - 40 6
96%
50 - 44 6
96%
96 - 90 6
96%
62 - 2 60
96%
63 - 3 60
96%
84 - 24 60
96%
93 - 33 60
96%
65 - 4 61
96%
68 - 5 63
96%
100 - 37 63
96%
67 - 3 64
96%
68 - 4 64
96%
69 - 5 64
96%
67 - 1 66
96%
71 - 5 66
96%
71 - 3 68
96%
73 - 4 69
96%
12 - 5 7
96%
13 - 6 7
96%
17 - 10 7
96%
37 - 30 7
96%
43 - 36 7
96%
47 - 40 7
96%
80 - 73 7
96%
100 - 93 7
96%
74 - 4 70
96%
89 - 19 70
96%
73 - 2 71
96%
100 - 29 71
96%
73 - 1 72
96%
87 - 10 77
96%
88 - 10 78
96%
13 - 5 8
96%
78 - 70 8
96%
98 - 90 8
96%
86 - 6 80
96%
90 - 7 83
96%
96 - 10 86
96%
92 - 3 89
96%
94 - 5 89
96%
95 - 6 89
96%
99 - 10 89
96%
15 - 6 9
96%
20 - 11 9
96%
92 - 1 91
96%
94 - 2 92
96%
99 - 1 98
96%
100 - 1 99
96%
4 - 3 1
95%
7 - 6 1
95%
8 - 7 1
95%
20 - 19 1
95%
23 - 22 1
95%
30 - 29 1
95%
31 - 30 1
95%
43 - 42 1
95%
45 - 44 1
95%
54 - 53 1
95%
56 - 55 1
95%
59 - 58 1
95%
74 - 73 1
95%
79 - 78 1
95%
81 - 80 1
95%
83 - 82 1
95%
94 - 93 1
95%
95 - 94 1
95%
99 - 98 1
95%
17 - 7 10
95%
27 - 17 10
95%
31 - 21 10
95%
32 - 22 10
95%
37 - 27 10
95%
38 - 28 10
95%
39 - 29 10
95%
60 - 50 10
95%
18 - 7 11
95%
22 - 11 11
95%
24 - 13 11
95%
26 - 15 11
95%
33 - 22 11
95%
43 - 32 11
95%
55 - 44 11
95%
59 - 48 11
95%
63 - 52 11
95%
77 - 66 11
95%
29 - 17 12
95%
30 - 18 12
95%
43 - 31 12
95%
44 - 32 12
95%
65 - 53 12
95%
71 - 59 12
95%
74 - 62 12
95%
76 - 64 12
95%
83 - 71 12
95%
23 - 10 13
95%
36 - 23 13
95%
50 - 37 13
95%
54 - 41 13
95%
17 - 3 14
95%
24 - 10 14
95%
26 - 12 14
95%
37 - 23 14
95%
48 - 34 14
95%
54 - 40 14
95%
64 - 50 14
95%
94 - 80 14
95%
22 - 7 15
95%
25 - 10 15
95%
30 - 15 15
95%
65 - 50 15
95%
90 - 75 15
95%
96 - 81 15
95%
98 - 83 15
95%
17 - 1 16
95%
24 - 8 16
95%
36 - 20 16
95%
56 - 40 16
95%
47 - 30 17
95%
21 - 3 18
95%
28 - 10 18
95%
30 - 12 18
95%
32 - 14 18
95%
80 - 62 18
95%
88 - 70 18
95%
29 - 10 19
95%
32 - 13 19
95%
59 - 40 19
95%
66 - 47 19
95%
11 - 9 2
95%
17 - 15 2
95%
21 - 19 2
95%
24 - 22 2
95%
25 - 23 2
95%
26 - 24 2
95%
27 - 25 2
95%
33 - 31 2
95%
40 - 38 2
95%
45 - 43 2
95%
46 - 44 2
95%
63 - 61 2
95%
80 - 78 2
95%
85 - 83 2
95%
96 - 94 2
95%
23 - 3 20
95%
29 - 9 20
95%
34 - 14 20
95%
36 - 16 20
95%
37 - 17 20
95%
40 - 20 20
95%
45 - 25 20
95%
47 - 27 20
95%
62 - 42 20
95%
65 - 45 20
95%
68 - 48 20
95%
82 - 62 20
95%
27 - 6 21
95%
28 - 7 21
95%
32 - 11 21
95%
42 - 21 21
95%
44 - 23 21
95%
49 - 28 21
95%
60 - 39 21
95%
64 - 43 21
95%
32 - 10 22
95%
38 - 16 22
95%
42 - 20 22
95%
28 - 4 24
95%
29 - 5 24
95%
34 - 10 24
95%
70 - 46 24
95%
74 - 50 24
95%
75 - 51 24
95%
33 - 8 25
95%
34 - 9 25
95%
47 - 22 25
95%
34 - 8 26
95%
35 - 9 26
95%
41 - 15 26
95%
47 - 21 26
95%
56 - 30 26
95%
76 - 50 26
95%
39 - 12 27
95%
29 - 1 28
95%
88 - 60 28
95%
44 - 15 29
95%
64 - 35 29
95%
5 - 2 3
95%
6 - 3 3
95%
7 - 4 3
95%
8 - 5 3
95%
9 - 6 3
95%
10 - 7 3
95%
15 - 12 3
95%
16 - 13 3
95%
33 - 30 3
95%
37 - 34 3
95%
57 - 54 3
95%
58 - 55 3
95%
60 - 57 3
95%
70 - 67 3
95%
72 - 69 3
95%
96 - 93 3
95%
97 - 94 3
95%
32 - 2 30
95%
36 - 6 30
95%
39 - 9 30
95%
53 - 23 30
95%
96 - 66 30
95%
99 - 69 30
95%
37 - 6 31
95%
38 - 7 31
95%
39 - 8 31
95%
40 - 9 31
95%
47 - 16 31
95%
62 - 31 31
95%
94 - 63 31
95%
100 - 69 31
95%
50 - 18 32
95%
55 - 23 32
95%
66 - 34 32
95%
72 - 40 32
95%
100 - 68 32
95%
35 - 2 33
95%
45 - 12 33
95%
48 - 15 33
95%
49 - 16 33
95%
60 - 27 33
95%
85 - 52 33
95%
100 - 67 33
95%
36 - 2 34
95%
39 - 5 34
95%
46 - 12 34
95%
48 - 14 34
95%
74 - 40 34
95%
44 - 8 36
95%
80 - 44 36
95%
47 - 10 37
95%
60 - 23 37
95%
88 - 51 37
95%
41 - 3 38
95%
44 - 6 38
95%
48 - 10 38
95%
49 - 11 38
95%
58 - 20 38
95%
14 - 10 4
95%
26 - 22 4
95%
38 - 34 4
95%
51 - 47 4
95%
68 - 64 4
95%
70 - 66 4
95%
76 - 72 4
95%
88 - 84 4
95%
100 - 96 4
95%
51 - 11 40
95%
57 - 17 40
95%
67 - 27 40
95%
85 - 45 40
95%
98 - 58 40
95%
99 - 59 40
95%
44 - 3 41
95%
50 - 9 41
95%
100 - 59 41
95%
52 - 10 42
95%
73 - 30 43
95%
50 - 6 44
95%
51 - 7 44
95%
99 - 55 44
95%
52 - 7 45
95%
65 - 20 45
95%
95 - 50 45
95%
49 - 3 46
95%
66 - 20 46
95%
96 - 50 46
95%
100 - 54 46
95%
56 - 9 47
95%
87 - 40 47
95%
70 - 22 48
95%
57 - 8 49
95%
7 - 2 5
95%
10 - 5 5
95%
13 - 8 5
95%
16 - 11 5
95%
18 - 13 5
95%
21 - 16 5
95%
47 - 42 5
95%
49 - 44 5
95%
75 - 70 5
95%
85 - 80 5
95%
90 - 85 5
95%
54 - 4 50
95%
59 - 9 50
95%
67 - 17 50
95%
80 - 30 50
95%
93 - 43 50
95%
94 - 44 50
95%
54 - 3 51
95%
81 - 30 51
95%
83 - 32 51
95%
91 - 40 51
95%
62 - 10 52
95%
64 - 12 52
95%
74 - 22 52
95%
83 - 31 52
95%
87 - 35 52
95%
100 - 48 52
95%
64 - 10 54
95%
59 - 4 55
95%
66 - 11 55
95%
99 - 44 55
95%
61 - 5 56
95%
88 - 32 56
95%
68 - 11 57
95%
67 - 8 59
95%
89 - 30 59
95%
99 - 40 59
95%
8 - 2 6
95%
12 - 6 6
95%
20 - 14 6
95%
39 - 33 6
95%
59 - 53 6
95%
60 - 54 6
95%
76 - 70 6
95%
75 - 15 60
95%
76 - 16 60
95%
91 - 31 60
95%
63 - 2 61
95%
69 - 8 61
95%
77 - 16 61
95%
71 - 9 62
95%
71 - 8 63
95%
73 - 10 63
95%
74 - 11 63
95%
70 - 6 64
95%
84 - 20 64
95%
74 - 9 65
95%
75 - 10 65
95%
85 - 20 65
95%
77 - 11 66
95%
77 - 10 67
95%
72 - 4 68
95%
88 - 20 68
95%
78 - 9 69
95%
15 - 8 7
95%
16 - 9 7
95%
18 - 11 7
95%
21 - 14 7
95%
28 - 21 7
95%
30 - 23 7
95%
39 - 32 7
95%
67 - 60 7
95%
68 - 61 7
95%
76 - 6 70
95%
83 - 13 70
95%
85 - 15 70
95%
86 - 16 70
95%
90 - 20 70
95%
91 - 21 70
95%
96 - 26 70
95%
97 - 27 70
95%
79 - 7 72
95%
82 - 10 72
95%
78 - 5 73
95%
80 - 7 73
95%
93 - 20 73
95%
84 - 10 74
95%
80 - 5 75
95%
86 - 11 75
95%
88 - 13 75
95%
90 - 15 75
95%
82 - 4 78
95%
83 - 5 78
95%
98 - 20 78
95%
80 - 1 79
95%
87 - 8 79
95%
15 - 7 8
95%
19 - 11 8
95%
38 - 30 8
95%
45 - 37 8
95%
49 - 41 8
95%
58 - 50 8
95%
85 - 5 80
95%
100 - 20 80
95%
100 - 19 81
95%
83 - 1 82
95%
88 - 6 82
95%
100 - 18 82
95%
91 - 7 84
95%
90 - 5 85
95%
91 - 6 85
95%
89 - 1 88
95%
26 - 17 9
95%
27 - 18 9
95%
41 - 32 9
95%
44 - 35 9
95%
49 - 40 9
95%
54 - 45 9
95%
70 - 61 9
95%
77 - 68 9
95%
81 - 72 9
95%
85 - 76 9
95%
100 - 91 9
95%
96 - 5 91
95%
95 - 3 92
95%
99 - 5 94
95%
9 - 8 1
94%
38 - 37 1
94%
40 - 39 1
94%
48 - 47 1
94%
49 - 48 1
94%
55 - 54 1
94%
73 - 72 1
94%
89 - 88 1
94%
19 - 9 10
94%
45 - 35 10
94%
57 - 47 10
94%
83 - 73 10
94%
87 - 77 10
94%
93 - 83 10
94%
15 - 4 11
94%
16 - 5 11
94%
40 - 29 11
94%
52 - 41 11
94%
53 - 42 11
94%
54 - 43 11
94%
82 - 71 11
94%
96 - 85 11
94%
100 - 89 11
94%
18 - 6 12
94%
21 - 9 12
94%
28 - 16 12
94%
34 - 22 12
94%
38 - 26 12
94%
49 - 37 12
94%
75 - 63 12
94%
84 - 72 12
94%
88 - 76 12
94%
90 - 78 12
94%
95 - 83 12
94%
16 - 3 13
94%
27 - 14 13
94%
34 - 21 13
94%
46 - 33 13
94%
58 - 45 13
94%
68 - 55 13
94%
78 - 65 13
94%
79 - 66 13
94%
18 - 4 14
94%
40 - 26 14
94%
89 - 75 14
94%
26 - 11 15
94%
27 - 12 15
94%
45 - 30 15
94%
60 - 45 15
94%
73 - 58 15
94%
87 - 72 15
94%
19 - 3 16
94%
27 - 11 16
94%
29 - 13 16
94%
38 - 22 16
94%
46 - 30 16
94%
58 - 42 16
94%
59 - 43 16
94%
42 - 25 17
94%
48 - 31 17
94%
62 - 45 17
94%
82 - 65 17
94%
90 - 73 17
94%
27 - 9 18
94%
36 - 18 18
94%
39 - 21 18
94%
49 - 31 18
94%
50 - 32 18
94%
51 - 33 18
94%
97 - 79 18
94%
22 - 3 19
94%
35 - 16 19
94%
42 - 23 19
94%
45 - 26 19
94%
55 - 36 19
94%
96 - 77 19
94%
4 - 2 2
94%
5 - 3 2
94%
8 - 6 2
94%
15 - 13 2
94%
22 - 20 2
94%
44 - 42 2
94%
47 - 45 2
94%
53 - 51 2
94%
74 - 72 2
94%
31 - 11 20
94%
33 - 13 20
94%
41 - 21 20
94%
46 - 26 20
94%
61 - 41 20
94%
84 - 64 20
94%
86 - 66 20
94%
91 - 71 20
94%
92 - 72 20
94%
37 - 16 21
94%
41 - 20 21
94%
45 - 24 21
94%
52 - 31 21
94%
53 - 32 21
94%
56 - 35 21
94%
57 - 36 21
94%
84 - 63 21
94%
88 - 67 21
94%
91 - 70 21
94%
26 - 4 22
94%
29 - 7 22
94%
31 - 9 22
94%
35 - 13 22
94%
52 - 30 22
94%
82 - 60 22
94%
26 - 3 23
94%
31 - 8 23
94%
35 - 12 23
94%
37 - 14 23
94%
44 - 21 23
94%
47 - 24 23
94%
67 - 44 23
94%
48 - 24 24
94%
86 - 62 24
94%
99 - 75 24
94%
29 - 4 25
94%
39 - 14 25
94%
49 - 24 25
94%
50 - 25 25
94%
55 - 30 25
94%
67 - 42 25
94%
36 - 10 26
94%
38 - 12 26
94%
33 - 6 27
94%
47 - 20 27
94%
61 - 34 27
94%
70 - 43 27
94%
79 - 52 27
94%
32 - 4 28
94%
37 - 9 28
94%
39 - 11 28
94%
40 - 12 28
94%
76 - 48 28
94%
98 - 70 28
94%
35 - 6 29
94%
42 - 13 29
94%
50 - 21 29
94%
60 - 31 29
94%
82 - 53 29
94%
17 - 14 3
94%
39 - 36 3
94%
41 - 38 3
94%
45 - 42 3
94%
67 - 64 3
94%
78 - 75 3
94%
90 - 87 3
94%
31 - 1 30
94%
48 - 18 30
94%
52 - 22 30
94%
65 - 35 30
94%
81 - 51 30
94%
83 - 53 30
94%
87 - 57 30
94%
92 - 62 30
94%
46 - 15 31
94%
54 - 23 31
94%
57 - 26 31
94%
90 - 59 31
94%
38 - 5 33
94%
63 - 30 33
94%
64 - 30 34
94%
44 - 9 35
94%
45 - 10 35
94%
46 - 11 35
94%
60 - 25 35
94%
46 - 10 36
94%
57 - 21 36
94%
90 - 54 36
94%
98 - 62 36
94%
50 - 13 37
94%
69 - 32 37
94%
42 - 4 38
94%
46 - 8 38
94%
60 - 22 38
94%
79 - 41 38
94%
41 - 2 39
94%
42 - 3 39
94%
48 - 9 39
94%
58 - 19 39
94%
84 - 45 39
94%
99 - 60 39
94%
11 - 7 4
94%
30 - 26 4
94%
31 - 27 4
94%
36 - 32 4
94%
42 - 38 4
94%
48 - 44 4
94%
52 - 48 4
94%
77 - 73 4
94%
91 - 87 4
94%
98 - 94 4
94%
71 - 31 40
94%
73 - 33 40
94%
86 - 46 40
94%
92 - 52 40
94%
96 - 56 40
94%
97 - 57 40
94%
43 - 2 41
94%
45 - 4 41
94%
46 - 5 41
94%
53 - 12 41
94%
63 - 22 41
94%
69 - 28 41
94%
80 - 39 41
94%
54 - 12 42
94%
62 - 20 42
94%
66 - 24 42
94%
87 - 45 42
94%
48 - 5 43
94%
55 - 12 43
94%
65 - 22 43
94%
84 - 41 43
94%
90 - 47 43
94%
93 - 50 43
94%
97 - 54 43
94%
58 - 14 44
94%
51 - 6 45
94%
54 - 9 45
94%
60 - 15 45
94%
69 - 24 45
94%
88 - 43 45
94%
53 - 7 46
94%
59 - 13 46
94%
97 - 51 46
94%
68 - 21 47
94%
77 - 30 47
94%
52 - 4 48
94%
53 - 5 48
94%
90 - 42 48
94%
58 - 9 49
94%
85 - 36 49
94%
100 - 51 49
94%
9 - 4 5
94%
11 - 6 5
94%
14 - 9 5
94%
20 - 15 5
94%
22 - 17 5
94%
23 - 18 5
94%
46 - 41 5
94%
73 - 68 5
94%
80 - 75 5
94%
87 - 82 5
94%
78 - 28 50
94%
88 - 38 50
94%
71 - 20 51
94%
58 - 6 52
94%
63 - 11 52
94%
90 - 38 52
94%
57 - 4 53
94%
59 - 6 53
94%
66 - 13 53
94%
68 - 15 53
94%
70 - 17 53
94%
74 - 21 53
94%
83 - 30 53
94%
88 - 34 54
94%
100 - 46 54
94%
62 - 7 55
94%
85 - 30 55
94%
65 - 8 57
94%
87 - 30 57
94%
98 - 41 57
94%
63 - 5 58
94%
89 - 31 58
94%
100 - 42 58
94%
74 - 15 59
94%
100 - 41 59
94%
11 - 5 6
94%
13 - 7 6
94%
19 - 13 6
94%
32 - 26 6
94%
34 - 28 6
94%
41 - 35 6
94%
47 - 41 6
94%
49 - 43 6
94%
83 - 77 6
94%
95 - 89 6
94%
94 - 34 60
94%
68 - 7 61
94%
75 - 14 61
94%
76 - 15 61
94%
90 - 29 61
94%
76 - 14 62
94%
65 - 2 63
94%
67 - 4 63
94%
70 - 7 63
94%
72 - 9 63
94%
79 - 16 63
94%
80 - 17 63
94%
96 - 33 63
94%
98 - 34 64
94%
67 - 2 65
94%
89 - 24 65
94%
90 - 25 65
94%
99 - 34 65
94%
86 - 20 66
94%
73 - 5 68
94%
76 - 8 68
94%
99 - 31 68
94%
72 - 3 69
94%
32 - 25 7
94%
48 - 41 7
94%
57 - 50 7
94%
79 - 72 7
94%
95 - 88 7
94%
72 - 1 71
94%
77 - 6 71
94%
86 - 15 71
94%
79 - 6 73
94%
95 - 22 73
94%
82 - 8 74
94%
89 - 15 74
94%
85 - 10 75
94%
96 - 21 75
94%
83 - 7 76
94%
81 - 4 77
94%
88 - 11 77
94%
97 - 20 77
94%
81 - 3 78
94%
84 - 6 78
94%
86 - 8 78
94%
87 - 9 78
94%
81 - 2 79
94%
99 - 20 79
94%
23 - 15 8
94%
35 - 27 8
94%
36 - 28 8
94%
42 - 34 8
94%
44 - 36 8
94%
48 - 40 8
94%
50 - 42 8
94%
69 - 61 8
94%
90 - 82 8
94%
93 - 85 8
94%
99 - 91 8
94%
84 - 4 80
94%
89 - 9 80
94%
96 - 16 80
94%
93 - 10 83
94%
92 - 8 84
94%
96 - 12 84
94%
97 - 13 84
94%
89 - 4 85
94%
88 - 2 86
94%
95 - 9 86
94%
99 - 13 86
94%
100 - 14 86
94%
93 - 6 87
94%
98 - 10 88
94%
97 - 8 89
94%
14 - 5 9
94%
16 - 7 9
94%
18 - 9 9
94%
21 - 12 9
94%
28 - 19 9
94%
33 - 24 9
94%
34 - 25 9
94%
35 - 26 9
94%
45 - 36 9
94%
74 - 65 9
94%
82 - 73 9
94%
99 - 9 90
94%
100 - 10 90
94%
96 - 3 93
94%
98 - 5 93
94%
100 - 5 95
94%
6 - 5 1
93%
28 - 27 1
93%
64 - 63 1
93%
52 - 42 10
93%
65 - 55 10
93%
76 - 66 10
93%
19 - 8 11
93%
42 - 31 11
93%
56 - 45 11
93%
64 - 53 11
93%
69 - 58 11
93%
76 - 65 11
93%
80 - 69 11
93%
94 - 83 11
93%
37 - 25 12
93%
46 - 34 12
93%
48 - 36 12
93%
69 - 57 12
93%
77 - 65 12
93%
85 - 73 12
93%
87 - 75 12
93%
98 - 86 12
93%
45 - 32 13
93%
47 - 34 13
93%
65 - 52 13
93%
86 - 73 13
93%
89 - 76 13
93%
97 - 84 13
93%
53 - 39 14
93%
60 - 46 14
93%
67 - 53 14
93%
70 - 56 14
93%
96 - 82 14
93%
23 - 8 15
93%
31 - 16 15
93%
39 - 24 15
93%
44 - 29 15
93%
54 - 39 15
93%
84 - 69 15
93%
21 - 5 16
93%
22 - 6 16
93%
26 - 10 16
93%
35 - 19 16
93%
37 - 21 16
93%
44 - 28 16
93%
57 - 41 16
93%
80 - 64 16
93%
31 - 14 17
93%
41 - 24 17
93%
75 - 58 17
93%
23 - 5 18
93%
25 - 7 18
93%
45 - 27 18
93%
48 - 30 18
93%
60 - 42 18
93%
69 - 51 18
93%
93 - 75 18
93%
34 - 15 19
93%
38 - 19 19
93%
65 - 46 19
93%
70 - 51 19
93%
89 - 70 19
93%
95 - 76 19
93%
59 - 57 2
93%
38 - 18 20
93%
56 - 36 20
93%
58 - 38 20
93%
63 - 43 20
93%
75 - 55 20
93%
79 - 59 20
93%
99 - 79 20
93%
76 - 55 21
93%
85 - 64 21
93%
87 - 66 21
93%
100 - 79 21
93%
37 - 15 22
93%
45 - 23 22
93%
50 - 28 22
93%
54 - 32 22
93%
55 - 33 22
93%
63 - 41 22
93%
68 - 46 22
93%
80 - 58 22
93%
94 - 72 22
93%
39 - 16 23
93%
46 - 23 23
93%
74 - 51 23
93%
79 - 56 23
93%
96 - 73 23
93%
54 - 30 24
93%
58 - 34 24
93%
59 - 35 24
93%
89 - 65 24
93%
97 - 73 24
93%
32 - 7 25
93%
37 - 12 25
93%
38 - 13 25
93%
80 - 55 25
93%
82 - 57 25
93%
86 - 61 25
93%
87 - 62 25
93%
31 - 5 26
93%
43 - 17 26
93%
62 - 36 26
93%
100 - 74 26
93%
48 - 21 27
93%
51 - 24 27
93%
68 - 41 27
93%
94 - 67 27
93%
34 - 6 28
93%
63 - 35 28
93%
90 - 62 28
93%
33 - 4 29
93%
34 - 5 29
93%
41 - 12 29
93%
54 - 25 29
93%
55 - 26 29
93%
61 - 32 29
93%
19 - 16 3
93%
51 - 48 3
93%
82 - 79 3
93%
47 - 17 30
93%
56 - 26 30
93%
59 - 29 30
93%
43 - 12 31
93%
49 - 18 31
93%
55 - 24 31
93%
70 - 39 31
93%
74 - 43 31
93%
80 - 49 31
93%
97 - 66 31
93%
44 - 12 32
93%
93 - 61 32
93%
37 - 4 33
93%
55 - 22 33
93%
67 - 34 33
93%
73 - 40 33
93%
77 - 44 33
93%
88 - 55 33
93%
51 - 17 34
93%
56 - 22 34
93%
68 - 34 34
93%
85 - 51 34
93%
48 - 13 35
93%
49 - 14 35
93%
77 - 42 35
93%
86 - 51 35
93%
96 - 61 35
93%
98 - 63 35
93%
81 - 45 36
93%
84 - 48 36
93%
39 - 2 37
93%
43 - 6 37
93%
79 - 42 37
93%
99 - 62 37
93%
70 - 32 38
93%
45 - 6 39
93%
52 - 13 39
93%
53 - 14 39
93%
77 - 38 39
93%
25 - 21 4
93%
32 - 28 4
93%
33 - 29 4
93%
37 - 33 4
93%
43 - 39 4
93%
55 - 51 4
93%
86 - 82 4
93%
47 - 7 40
93%
49 - 8 41
93%
68 - 27 41
93%
77 - 36 41
93%
85 - 44 41
93%
90 - 49 41
93%
75 - 33 42
93%
83 - 41 42
93%
93 - 51 42
93%
44 - 1 43
93%
60 - 17 43
93%
64 - 21 43
93%
75 - 32 43
93%
76 - 33 43
93%
95 - 52 43
93%
100 - 57 43
93%
57 - 13 44
93%
68 - 24 44
93%
74 - 30 44
93%
85 - 41 44
93%
86 - 42 44
93%
67 - 22 45
93%
86 - 41 45
93%
89 - 44 45
93%
96 - 51 45
93%
51 - 5 46
93%
63 - 16 47
93%
81 - 34 47
93%
90 - 43 47
93%
69 - 21 48
93%
61 - 12 49
93%
62 - 13 49
93%
72 - 23 49
93%
17 - 12 5
93%
24 - 19 5
93%
38 - 33 5
93%
40 - 35 5
93%
44 - 39 5
93%
58 - 53 5
93%
92 - 87 5
93%
76 - 26 50
93%
89 - 39 50
93%
98 - 48 50
93%
70 - 19 51
93%
73 - 22 51
93%
84 - 33 51
93%
95 - 44 51
93%
97 - 46 51
93%
65 - 13 52
93%
79 - 27 52
93%
84 - 32 52
93%
89 - 37 52
93%
58 - 5 53
93%
62 - 9 53
93%
69 - 16 53
93%
78 - 25 53
93%
80 - 27 53
93%
98 - 45 53
93%
67 - 13 54
93%
69 - 15 54
93%
79 - 25 54
93%
94 - 40 54
93%
60 - 5 55
93%
63 - 8 55
93%
89 - 34 55
93%
77 - 21 56
93%
80 - 24 56
93%
89 - 33 56
93%
62 - 5 57
93%
70 - 12 58
93%
81 - 23 58
93%
72 - 13 59
93%
85 - 26 59
93%
90 - 31 59
93%
33 - 27 6
93%
48 - 42 6
93%
55 - 49 6
93%
62 - 56 6
93%
72 - 66 6
93%
80 - 20 60
93%
83 - 23 60
93%
88 - 27 61
93%
93 - 32 61
93%
78 - 16 62
93%
84 - 22 62
93%
85 - 23 62
93%
86 - 24 62
93%
87 - 25 62
93%
98 - 36 62
93%
88 - 25 63
93%
95 - 32 63
93%
86 - 22 64
93%
87 - 23 64
93%
95 - 31 64
93%
88 - 23 65
93%
95 - 30 65
93%
97 - 31 66
93%
78 - 11 67
93%
79 - 11 68
93%
75 - 6 69
93%
45 - 38 7
93%
52 - 45 7
93%
56 - 49 7
93%
61 - 54 7
93%
63 - 56 7
93%
91 - 84 7
93%
96 - 89 7
93%
84 - 14 70
93%
98 - 28 70
93%
99 - 28 71
93%
83 - 11 72
93%
85 - 13 72
93%
88 - 16 72
93%
81 - 8 73
93%
98 - 25 73
93%
77 - 2 75
93%
100 - 24 76
93%
80 - 3 77
93%
84 - 7 77
93%
93 - 16 77
93%
95 - 17 78
93%
11 - 3 8
93%
22 - 14 8
93%
27 - 19 8
93%
29 - 21 8
93%
51 - 43 8
93%
60 - 52 8
93%
87 - 79 8
93%
97 - 89 8
93%
98 - 15 83
93%
87 - 3 84
93%
95 - 11 84
93%
95 - 8 87
93%
17 - 8 9
93%
24 - 15 9
93%
25 - 16 9
93%
37 - 28 9
93%
38 - 29 9
93%
68 - 59 9
93%
75 - 66 9
93%
83 - 74 9
93%
92 - 83 9
93%
97 - 5 92
93%
27 - 26 1
92%
41 - 31 10
92%
42 - 32 10
92%
29 - 18 11
92%
30 - 19 11
92%
72 - 61 11
92%
79 - 68 11
92%
39 - 27 12
92%
40 - 28 12
92%
41 - 29 12
92%
51 - 39 12
92%
73 - 61 12
92%
91 - 79 12
92%
99 - 87 12
92%
19 - 6 13
92%
82 - 69 13
92%
92 - 79 13
92%
62 - 48 14
92%
66 - 52 14
92%
41 - 26 15
92%
53 - 38 15
92%
63 - 48 15
92%
99 - 84 15
92%
49 - 33 16
92%
69 - 53 16
92%
71 - 55 16
92%
49 - 32 17
92%
55 - 38 17
92%
77 - 60 17
92%
78 - 61 17
92%
80 - 63 17
92%
98 - 81 17
92%
26 - 8 18
92%
33 - 15 18
92%
41 - 23 18
92%
71 - 53 18
92%
81 - 63 18
92%
85 - 67 18
92%
86 - 68 18
92%
92 - 74 18
92%
43 - 24 19
92%
73 - 54 19
92%
77 - 58 19
92%
81 - 62 19
92%
35 - 14 21
92%
55 - 34 21
92%
41 - 19 22
92%
47 - 25 22
92%
67 - 45 22
92%
78 - 56 22
92%
83 - 61 22
92%
85 - 63 22
92%
93 - 71 22
92%
40 - 17 23
92%
42 - 19 23
92%
49 - 26 23
92%
88 - 65 23
92%
53 - 29 24
92%
60 - 36 24
92%
65 - 41 24
92%
69 - 45 24
92%
72 - 48 24
92%
77 - 53 24
92%
98 - 74 24
92%
36 - 11 25
92%
41 - 16 25
92%
51 - 26 25
92%
58 - 33 25
92%
99 - 74 25
92%
54 - 28 26
92%
67 - 41 26
92%
69 - 43 26
92%
80 - 54 26
92%
43 - 16 27
92%
46 - 19 27
92%
59 - 32 27
92%
78 - 51 27
92%
88 - 61 27
92%
99 - 72 27
92%
44 - 16 28
92%
67 - 39 28
92%
83 - 55 28
92%
93 - 65 28
92%
43 - 14 29
92%
53 - 24 29
92%
68 - 39 29
92%
84 - 55 29
92%
79 - 76 3
92%
71 - 41 30
92%
79 - 49 30
92%
89 - 59 30
92%
73 - 42 31
92%
82 - 51 31
92%
91 - 60 31
92%
95 - 64 31
92%
51 - 19 32
92%
57 - 25 32
92%
68 - 36 32
92%
76 - 44 32
92%
77 - 45 32
92%
42 - 9 33
92%
58 - 25 33
92%
70 - 37 33
92%
75 - 42 33
92%
84 - 51 33
92%
97 - 64 33
92%
41 - 7 34
92%
43 - 9 34
92%
47 - 13 34
92%
55 - 21 34
92%
89 - 55 34
92%
47 - 12 35
92%
69 - 34 35
92%
71 - 36 35
92%
82 - 47 35
92%
93 - 58 35
92%
65 - 29 36
92%
94 - 58 36
92%
51 - 14 37
92%
73 - 36 37
92%
90 - 53 37
92%
45 - 7 38
92%
52 - 14 38
92%
59 - 21 38
92%
100 - 62 38
92%
66 - 27 39
92%
68 - 29 39
92%
82 - 43 39
92%
23 - 19 4
92%
49 - 45 4
92%
78 - 37 41
92%
76 - 34 42
92%
88 - 46 42
92%
52 - 9 43
92%
70 - 27 43
92%
88 - 45 43
92%
53 - 9 44
92%
78 - 32 46
92%
79 - 33 46
92%
80 - 34 46
92%
83 - 37 46
92%
91 - 45 46
92%
60 - 13 47
92%
75 - 28 47
92%
84 - 37 47
92%
77 - 29 48
92%
79 - 31 48
92%
73 - 24 49
92%
86 - 37 49
92%
87 - 38 49
92%
29 - 24 5
92%
52 - 47 5
92%
54 - 49 5
92%
84 - 79 5
92%
91 - 86 5
92%
74 - 24 50
92%
75 - 24 51
92%
79 - 28 51
92%
82 - 31 51
92%
89 - 38 51
92%
92 - 40 52
92%
77 - 24 53
92%
84 - 31 53
92%
93 - 38 55
92%
63 - 7 56
92%
82 - 26 56
92%
90 - 34 56
92%
86 - 29 57
92%
73 - 15 58
92%
88 - 30 58
92%
97 - 39 58
92%
82 - 23 59
92%
71 - 65 6
92%
89 - 28 61
92%
97 - 36 61
92%
75 - 13 62
92%
90 - 28 62
92%
64 - 1 63
92%
92 - 29 63
92%
94 - 31 63
92%
82 - 18 64
92%
99 - 35 64
92%
98 - 32 66
92%
81 - 14 67
92%
94 - 26 68
92%
82 - 13 69
92%
84 - 15 69
92%
92 - 23 69
92%
26 - 19 7
92%
31 - 24 7
92%
62 - 55 7
92%
71 - 64 7
92%
80 - 9 71
92%
97 - 26 71
92%
81 - 9 72
92%
94 - 21 73
92%
87 - 13 74
92%
92 - 13 79
92%
24 - 16 8
92%
25 - 17 8
92%
43 - 35 8
92%
67 - 59 8
92%
76 - 68 8
92%
95 - 87 8
92%
94 - 12 82
92%
99 - 17 82
92%
99 - 14 85
92%
98 - 12 86
92%
31 - 22 9
92%
46 - 37 9
92%
62 - 53 9
92%
66 - 57 9
92%
76 - 67 9
92%
84 - 75 9
92%
57 - 46 11
91%
35 - 23 12
91%
50 - 38 12
91%
61 - 49 12
91%
29 - 16 13
91%
32 - 19 13
91%
41 - 28 13
91%
48 - 35 13
91%
52 - 39 13
91%
88 - 75 13
91%
33 - 19 14
91%
49 - 35 14
91%
61 - 47 14
91%
33 - 18 15
91%
55 - 39 16
91%
65 - 49 16
91%
74 - 58 16
91%
79 - 63 16
91%
89 - 73 16
91%
54 - 37 17
91%
68 - 51 17
91%
74 - 57 17
91%
94 - 77 17
91%
52 - 34 18
91%
64 - 46 18
91%
87 - 69 18
91%
44 - 25 19
91%
84 - 65 19
91%
39 - 18 21
91%
59 - 37 22
91%
74 - 52 22
91%
90 - 68 22
91%
69 - 46 23
91%
95 - 71 24
91%
40 - 15 25
91%
42 - 17 25
91%
43 - 18 25
91%
92 - 67 25
91%
42 - 16 26
91%
44 - 18 26
91%
57 - 31 26
91%
58 - 31 27
91%
65 - 38 27
91%
81 - 54 27
91%
82 - 55 27
91%
89 - 62 27
91%
45 - 17 28
91%
49 - 21 28
91%
75 - 47 28
91%
95 - 67 28
91%
38 - 9 29
91%
58 - 29 29
91%
61 - 58 3
91%
42 - 12 30
91%
78 - 48 30
91%
59 - 28 31
91%
65 - 33 32
91%
59 - 26 33
91%
72 - 39 33
91%
98 - 65 33
91%
77 - 43 34
91%
87 - 53 34
91%
40 - 5 35
91%
52 - 17 35
91%
53 - 18 35
91%
54 - 19 35
91%
63 - 28 35
91%
64 - 29 35
91%
72 - 37 35
91%
78 - 43 35
91%
92 - 57 35
91%
94 - 59 35
91%
84 - 47 37
91%
43 - 5 38
91%
61 - 23 38
91%
89 - 51 38
91%
91 - 53 38
91%
62 - 23 39
91%
74 - 35 39
91%
71 - 67 4
91%
83 - 79 4
91%
75 - 34 41
91%
72 - 30 42
91%
94 - 52 42
91%
59 - 16 43
91%
61 - 18 43
91%
79 - 36 43
91%
67 - 23 44
91%
77 - 33 44
91%
71 - 26 45
91%
76 - 31 45
91%
83 - 38 45
91%
94 - 49 45
91%
98 - 53 45
91%
81 - 35 46
91%
65 - 18 47
91%
95 - 48 47
91%
65 - 17 48
91%
67 - 19 48
91%
82 - 34 48
91%
83 - 35 48
91%
55 - 6 49
91%
66 - 17 49
91%
79 - 29 50
91%
97 - 47 50
91%
72 - 21 51
91%
85 - 34 51
91%
86 - 34 52
91%
61 - 7 54
91%
83 - 29 54
91%
96 - 42 54
91%
74 - 19 55
91%
76 - 21 55
91%
78 - 23 55
91%
96 - 41 55
91%
72 - 16 56
91%
95 - 39 56
91%
97 - 41 56
91%
71 - 14 57
91%
73 - 16 57
91%
82 - 24 58
91%
95 - 36 59
91%
22 - 16 6
91%
64 - 58 6
91%
83 - 18 65
91%
83 - 17 66
91%
92 - 26 66
91%
75 - 8 67
91%
76 - 9 67
91%
87 - 20 67
91%
83 - 15 68
91%
100 - 32 68
91%
88 - 81 7
91%
87 - 16 71
91%
97 - 24 73
91%
99 - 24 75
91%
92 - 14 78
91%
93 - 15 78
91%
97 - 19 78
91%
94 - 15 79
91%
53 - 45 8
91%
74 - 66 8
91%
86 - 78 8
91%
98 - 16 82
91%
72 - 63 9
91%
73 - 64 9
91%
50 - 49 1
90%
25 - 13 12
90%
28 - 15 13
90%
52 - 38 14
90%
77 - 63 14
90%
43 - 28 15
90%
94 - 79 15
90%
34 - 18 16
90%
61 - 45 16
90%
82 - 66 16
90%
83 - 67 16
90%
43 - 26 17
90%
53 - 36 17
90%
83 - 66 17
90%
85 - 68 17
90%
95 - 78 17
90%
37 - 19 18
90%
46 - 28 18
90%
47 - 29 18
90%
75 - 57 18
90%
83 - 64 19
90%
98 - 79 19
90%
97 - 76 21
90%
91 - 69 22
90%
61 - 38 23
90%
46 - 22 24
90%
62 - 38 24
90%
73 - 49 24
90%
52 - 27 25
90%
54 - 29 25
90%
64 - 39 25
90%
84 - 59 25
90%
74 - 48 26
90%
87 - 61 26
90%
66 - 39 27
90%
85 - 58 27
90%
77 - 49 28
90%
86 - 58 28
90%
97 - 69 28
90%
46 - 17 29
90%
72 - 43 29
90%
62 - 59 3
90%
69 - 38 31
90%
93 - 62 31
90%
99 - 67 32
90%
61 - 28 33
90%
81 - 48 33
90%
86 - 53 33
90%
56 - 19 37
90%
63 - 26 37
90%
66 - 29 37
90%
54 - 16 38
90%
55 - 17 38
90%
64 - 26 38
90%
71 - 33 38
90%
94 - 56 38
90%
83 - 44 39
90%
81 - 77 4
90%
89 - 48 41
90%
61 - 17 44
90%
82 - 38 44
90%
62 - 16 46
90%
72 - 25 47
90%
74 - 26 48
90%
92 - 44 48
90%
71 - 22 49
90%
82 - 33 49
90%
96 - 47 49
90%
68 - 16 52
90%
73 - 17 56
90%
75 - 19 56
90%
83 - 27 56
90%
91 - 35 56
90%
98 - 42 56
90%
79 - 21 58
90%
71 - 12 59
90%
21 - 15 6
90%
45 - 39 6
90%
82 - 76 6
90%
93 - 87 6
90%
81 - 18 63
90%
95 - 27 68
90%
96 - 28 68
90%
83 - 14 69
90%
93 - 24 69
90%
97 - 28 69
90%
42 - 35 7
90%
65 - 58 7
90%
94 - 87 7
90%
91 - 19 72
90%
92 - 17 75
90%
91 - 14 77
90%
91 - 12 79
90%
95 - 16 79
90%
96 - 17 79
90%
93 - 8 85
90%
31 - 18 13
89%
81 - 68 13
89%
32 - 18 14
89%
91 - 76 15
89%
51 - 35 16
89%
73 - 57 16
89%
56 - 39 17
89%
76 - 59 17
89%
43 - 25 18
89%
66 - 48 18
89%
76 - 58 18
89%
72 - 53 19
89%
81 - 59 22
89%
71 - 48 23
89%
63 - 37 26
89%
91 - 64 27
89%
71 - 43 28
89%
96 - 68 28
89%
85 - 54 31
89%
79 - 47 32
89%
91 - 58 33
89%
92 - 59 33
89%
92 - 58 34
89%
65 - 28 37
89%
93 - 56 37
89%
66 - 28 38
89%
67 - 29 38
89%
85 - 46 39
89%
86 - 47 39
89%
87 - 48 39
89%
95 - 54 41
89%
91 - 49 42
89%
73 - 27 46
89%
81 - 26 55
89%
92 - 35 57
89%
84 - 26 58
89%
92 - 34 58
89%
83 - 24 59
89%
96 - 37 59
89%
91 - 27 64
89%
92 - 18 74
89%
94 - 18 76
89%
97 - 18 79
89%
42 - 28 14
88%
72 - 57 15
88%
93 - 78 15
88%
84 - 67 17
88%
46 - 27 19
88%
51 - 28 23
88%
73 - 47 26
88%
93 - 66 27
88%
62 - 28 34
88%
93 - 59 34
88%
83 - 48 35
88%
95 - 59 36
88%
76 - 39 37
88%
72 - 34 38
88%
78 - 39 39
88%
63 - 17 46
88%
93 - 47 46
88%
64 - 17 47
88%
92 - 43 49
88%
78 - 21 57
88%
81 - 24 57
88%
98 - 29 69
88%
83 - 59 24
87%
75 - 38 37
87%
85 - 48 37
87%
92 - 49 43
87%
94 - 39 55
87%
93 - 29 64
87%
91 - 23 68
87%
71 - 18 53
86%
81 - 37 44
85%
No matching quizzes found
Score Distribution
Percent of People with Each Score
Percentile by Number Answered
Your Score History
You have not taken this quiz since the last reset